000 00371nam a2200133Ia 4500
008 231129s9999||||xx |||||||||||||| ||spa||
020 _a950-9065-92-7
040 _bspa
082 _a346.048 S554p
100 _aSherwood Robert M
245 0 _aPropiedad intelectual y desarrollo economico
264 _aHeliasta
942 _2ddc
_cBKS
999 _c23369
_d23369